Bilecik Bilecik Bilecik Bilecik Bilecik

Türkiye Türkçösü, Kırgız Türkçösü sözdügü/ (Record no. 12281)

MARC details
000 -BAŞLIK
Sabit Uzunluktaki Kontrol Alanı 01385nam a22003617a 4500
001 - KONTROL NUMARASI
Control Dosyası 0012312
003 - KONTROL NUMARASI KİMLİĞİ
Kontrol Alanı KOHA_MİRAKIL
005 - EN SON İŞLEM TARİHİ ve ZAMANI
Kontrol Alanı 20260207001846.0
007 - FİZİKSEL TANIM SABİT ALAN - GENEL BİLGİ
Sabit uzunluklu kontrol alanı ta
008 - SABİT UZUNLUKTAKİ VERİ ÖGELERİ - GENEL BİLGİ
Sabit Alan 100107b1997 tu |||grd|||#0|||1|tur |
020 ## - ISBN - ULUSLARARASI STANDART KİTAP NUMARASI
Isbn 9751116090
Kullanılabilirlik koşulları 0,01
040 ## - KATALOGLAMA KAYNAĞI
Özgün Kataloglama Kurumu TR-BiSEU
Kataloglama Dili tur
Çeviri Kurumu TR-BiSEU
Açıklama Kuralları rda
041 0# - DİL KODU
Metin ya da ses kaydının dil kodu tur
044 ## - YAYINLAYAN/ÜRETEN KURULUŞUN ÜLKE KODU
ISO country code tu
050 ## - SINIFLAMA ve YER NUMARASI
Sınıflama Numarası PL189
Yer Numarası .A38 1997
100 1# - KİŞİ ADI
Yazar Adı (Kişi adı) Aksu, Nurettin.
245 1# - ESER ADI BİLDİRİMİ
Başlık Türkiye Türkçösü, Kırgız Türkçösü sözdügü/
Sorumluluk Bildirimi Nurettin Aksu ; Nurettin Aksu, Ayfer Işık.
264 #1 - ÜRERİM, YAYIN, DAĞITIM ve TELİF BİLDİRİMİ
Yayın yeri İstanbul :
Yayınlayan Milli Eğitim Bakanlığı
Yayın tarihi 1997
300 ## - FİZİKSEL TANIMLAMA
Sayfa, Cilt vb. v, 215 sayfa; 20 cm.
336 ## - İÇERİK TÜRÜ
Content type term metin
Content type code txt
Source rdacontent
337 ## - MEDYA TÜRÜ
Media type term aracısız
Media type code n
Source rdamedia
338 ## - TAŞIYICI TÜRÜ
Carrier type term cilt
Carrier type code nc
Source rdacarrier
490 1# - DİZİ BİLDİRİMİ
Dizi Bildirimi Milli Eğitim Bakanlığı yayınları ;
Cilt Numarası 3066.Bilim ve kültür eserleri dizisi ;
-- 940.Türk dünyasından seçmeler dizisi ;
-- 4.
650 #0 - KONU BAŞLIĞI EK GİRİŞ - KONU TERİMİ
Konusal terim veya coğrafi ad Turkish language--Dictionaries.
9 (RLIN) 15524
650 #0 - KONU BAŞLIĞI EK GİRİŞ - KONU TERİMİ
Konusal terim veya coğrafi ad Turkic languages--Dictionaries.
9 (RLIN) 29744
650 #0 - KONU BAŞLIĞI EK GİRİŞ - KONU TERİMİ
Konusal terim veya coğrafi ad Kyrgyz language--Dictionaries.
9 (RLIN) 29745
650 #0 - KONU BAŞLIĞI EK GİRİŞ - KONU TERİMİ
Konusal terim veya coğrafi ad Türk dili--Sözlükler.
9 (RLIN) 29746
650 #0 - KONU BAŞLIĞI EK GİRİŞ - KONU TERİMİ
Konusal terim veya coğrafi ad Türk dilleri--Sözlükler.
9 (RLIN) 29747
650 #0 - KONU BAŞLIĞI EK GİRİŞ - KONU TERİMİ
Konusal terim veya coğrafi ad Kırgız dili--Sözlükler.
9 (RLIN) 29748
830 1# - SERİ EK GİRİŞİ - TEKBİÇİM ESER ADI
Tekbiçim Başlık Milli Eğitim Bakanlığı yayınları ;
Volume number/sequential designation 3066.Bilim ve kültür eserleri dizisi ;
-- 940.Türk dünyasından seçmeler dizisi ;
-- 4.
9 (RLIN) 7828
907 ## - LOCAL DATA ELEMENT G, LDG (RLIN)
a Sözlük
942 ## - EK GİRİŞ ÖGELERİ (KOHA)
Source of classification or shelving scheme Library of Congress Classification
Koha item type Book
Holdings
Materyal Türü Kalıcı Konum Mevcut Konum Raf Yeri Koleksiyon Kodu Sınıflandırma Kaynağı Edinim Bilgisi Ana Konular Alt Konular Yer Numarası Demirbaş Numarası Fatura Tarihi Geri Çekilme Durumu Kayıp Durumu Hasarlı Durumu Kredi için değil Kayıt Tarih Toplam Ödünçverme Son Görülme Tarihi Son Kontrol Tarihi Genel / Bağış Notu
Danışma Kaynakları Prof. Dr. Azmi Özcan Kütüphanesi Prof. Dr. Azmi Özcan Kütüphanesi Birûni Salonu Referans Library of Congress Classification Bağış DİL VE EDEBİYAT Doğu Asya, Afrika, Okyanusya Dilleri ve Edebiyatları PL189 .A38 1997 0012312 13/08/2010       Ödünç verilmez 07/01/2010   05/12/2024 05/12/2024 Genel Bağış